Torino F.C. Squad 2019-20 - Statistics

General Stats
  • This quiz has been taken 17 times
  • The average score is 15 of 24
Answer Stats
Squad Number Position Nationality Player % Correct
9 ST Italian Andrea Belotti
93%
33 CB Cameroonian Nicolas Nkoulou
93%
5 CB Italian Armando Izzo
86%
15 LB Argentine Cristian Ansaldi
86%
39 GK Italian Salvatore Sirigu
86%
8 CM Italian Daniele Baselli
79%
34 RB Nigerian Ola Aina
79%
7 CM Serbian Saša Lukić
79%
88 DM Venezuelan Tomás Rincón
79%
36 CB Brazilian Gleison Bremer
71%
4 CB Brazilian Lyanco
64%
11 ST Italian Simone Zaza
64%
23 CM French Soualiho Meïté
64%
21 LW Spanish Álex Berenguer
57%
20 RW Italian Simone Edera
57%
30 CB Ivorian Koffi Djidji
43%
29 RB Italian Lorenzo De Silvestri
43%
18 GK Kosovan Samir Ujkani
43%
22 SS Italian Vincenzo Millico
43%
17 CB Ivorian Wilfried Singo
43%
24 RW Italian Simone Verdi
36%
25 GK Italian Antonio Rosati
29%
- Manager Italian Moreno Longo
29%
80 CM French Ndary Adopo
21%
No matching quizzes found
Score Distribution
Percent of People with Each Score
Percentile by Number Answered
Your Score History
You have not taken this quiz